[Event "Copenhagen Chess Challenge 2005"]
[Site "Taastrup"]
[Date "2005.??.??"]
[Round "3"]
[White "Skjoldan, Benjamin"]
[Black "Nilsson, Sebastian"]
[Result "0-1"]
[WhiteElo "2114"]
[BlackElo "2224"]
[PlyCount "42"]
[EventDate "2005.??.??"]
[EventType "swiss"]
[EventRounds "9"]
[EventCountry "DEN"]

1. d4 d5 2. c4 Nc6 3. Nf3 Bg4 4. Nbd2 Nf6 5. Qb3 Rb8 6. e3 e6 7. cxd5 exd5 8.
Bb5 Bd7 9. O-O Bd6 10. Ne1 O-O 11. Be2 Re8 12. Bf3 Bf5 13. Kh1 Ne7 14. Nd3 Ng6
15. Be2 c6 16. Nf3 Ne4 17. Bd2 Nh4 18. Bb4 Nxf3 19. gxf3 Bxh2 20. fxe4 Qh4 21.
exf5 Bc7+ 0-1

[Event "Copenhagen Chess Challenge 2005"]
[Site "Taastrup"]
[Date "2005.??.??"]
[Round "3"]
[White "Skovgaard, Peter Nicolai"]
[Black "Tikkanen, Hans"]
[Result "1-0"]
[WhiteElo "2174"]
[BlackElo "2342"]
[PlyCount "51"]
[EventDate "2005.??.??"]
[EventType "swiss"]
[EventRounds "9"]
[EventCountry "DEN"]

1. e4 g6 2. d4 Bg7 3. Nc3 d6 4. f4 a6 5. Nf3 b5 6. a3 Nd7 7. Be3 Bb7 8. Qd2 Rc8
9. Be2 c5 10. d5 Qc7 11. O-O Ngf6 12. e5 Ng4 13. e6 Ndf6 14. Ng5 Qa5 15. exf7+
Kd7 16. h3 Nxe3 17. Qxe3 Rcf8 18. Rae1 h6 19. Qe6+ Kd8 20. Bg4 Nxg4 21. Qxe7+
Kc8 22. Ne6 Bf6 23. Qxf8+ Rxf8 24. Nxf8 Qc7 25. Re8+ Bd8 26. Ne6 1-0

[Event "Copenhagen Chess Challenge 2005"]
[Site "Taastrup"]
[Date "2005.??.??"]
[Round "4"]
[White "Bromann, Thorbjorn"]
[Black "Olsson, Linus"]
[Result "1/2-1/2"]
[WhiteElo "2369"]
[BlackElo "2319"]
[PlyCount "54"]
[EventDate "2005.??.??"]
[EventType "swiss"]
[EventRounds "9"]
[EventCountry "DEN"]

1. d4 Nf6 2. Nc3 g6 3. e4 d5 4. e5 Nh5 5. g4 Ng7 6. Bg2 c6 7. Be3 h5 8. h3 Qb6
9. Na4 Qa5+ 10. c3 b5 11. Nc5 b4 12. Nb3 Qb6 13. Rc1 bxc3 14. Rxc3 e6 15. a3
Ba6 16. Qc2 Bb5 17. Nc5 Bxc5 18. Rxc5 Bc4 19. Qc3 a5 20. Bd2 Nd7 21. Rxa5 Rxa5
22. Qxa5 Qxb2 23. Qc3 Qb1+ 24. Qc1 Qd3 25. Qc3 Qb1+ 26. Qc1 Qd3 27. Qc3 Qb1+
1/2-1/2

[Event "Copenhagen Chess Challenge 2005"]
[Site "Taastrup"]
[Date "2005.??.??"]
[Round "4"]
[White "Frank Nielsen, Marie"]
[Black "Korolev, Nikolaj"]
[Result "1/2-1/2"]
[WhiteElo "1882"]
[BlackElo "2100"]
[PlyCount "82"]
[EventDate "2005.??.??"]
[EventType "swiss"]
[EventRounds "9"]
[EventCountry "DEN"]

1. e4 c5 2. d4 cxd4 3. c3 dxc3 4. Nxc3 Nc6 5. Bc4 d6 6. Nf3 a6 7. O-O Nf6 8. h3
e6 9. Qe2 Be7 10. Rd1 Bd7 11. Be3 b5 12. Bd3 O-O 13. Rac1 Qb8 14. Bf4 Rc8 15.
e5 dxe5 16. Nxe5 Nxe5 17. Bxe5 Qb7 18. Ne4 Nxe4 19. Bxe4 Bc6 20. Rxc6 Rxc6 21.
Kh2 Rac8 22. Rd3 Qa7 23. Bxc6 Rxc6 24. Qd2 Qc5 25. Bg3 f6 26. Rc3 Qb6 27. Rd3
Kf7 28. Qd1 Rc8 29. Qh5+ Kg8 30. Rd7 Qc5 31. Qd1 Kf8 32. Qe2 Qc6 33. Rd3 Qc4
34. b3 Qc6 35. Re3 e5 36. Qh5 Qc2 37. Re2 Qb1 38. Qf3 Rd8 39. Bxe5 Rd3 40. Qa8+
Kf7 41. Bf4 Rd7 1/2-1/2

[Event "Copenhagen Chess Challenge 2005"]
[Site "Taastrup"]
[Date "2005.??.??"]
[Round "4"]
[White "Glud, Jakob Vang"]
[Black "Dyrgaard, Kristoffer"]
[Result "1-0"]
[WhiteElo "2319"]
[BlackElo "2118"]
[PlyCount "151"]
[EventDate "2005.??.??"]
[EventType "swiss"]
[EventRounds "9"]
[EventCountry "DEN"]

1. c4 e5 2. g3 Nc6 3. Bg2 g6 4. Nc3 Bg7 5. e4 d6 6. Nge2 Be6 7. d3 Nf6 8. Nd5
h6 9. O-O Qd7 10. Rb1 Ne7 11. b4 Nh7 12. d4 O-O 13. Be3 Nxd5 14. cxd5 Bh3 15.
dxe5 dxe5 16. f3 Bxg2 17. Kxg2 c6 18. dxc6 Qxc6 19. Qb3 Ng5 20. Rfc1 Qd7 21.
Bxg5 hxg5 22. Rd1 Qe7 23. Nc3 Rac8 24. Rbc1 a6 25. Nd5 Qe6 26. g4 Rc6 27. Rc4
Rxc4 28. Qxc4 Kh7 29. Rc1 Rd8 30. h3 Bf8 31. Rc2 Kg7 32. Qc7 Rd7 33. Qc4 Rd8
34. a3 a5 35. Qc7 Rxd5 36. exd5 Qxd5 37. Qxa5 Qd4 38. Qc7 b6 39. Qc4 Qe3 40.
Qc3 Qf4 41. Re2 Bd6 42. Re4 Qf6 43. Qc6 Qd8 44. Qd5 Qe7 45. Re2 Bb8 46. Qe4 Qd7
47. Qe3 Qd8 48. Rd2 Qf6 49. a4 e4 50. Qxe4 Bf4 51. Re2 Qd6 52. a5 bxa5 53. bxa5
Bh2 54. Kh1 Bf4 55. Qc4 Qf6 56. Kg2 Bb8 57. Re4 Qb2+ 58. Qe2 Qa3 59. a6 Qd6 60.
Kh1 Qg3 61. Qb2+ Kh7 62. Qg2 Qd6 63. Qa2 Qc7 64. Re8 Qc1+ 65. Kg2 Qf4 66. Rxb8
Qxb8 67. a7 Qa8 68. Qxf7+ Kh6 69. h4 Qd8 70. hxg5+ Kxg5 71. Qa2 Qa8 72. Qd2+
Kf6 73. Qf4+ Kg7 74. Qb8 Qd5 75. a8=Q Qd2+ 76. Kh3 1-0

[Event "Copenhagen Chess Challenge 2005"]
[Site "Taastrup"]
[Date "2005.??.??"]
[Round "4"]
[White "Hansen, Alexei"]
[Black "Grove, Peter"]
[Result "1-0"]
[WhiteElo "2000"]
[BlackElo "1979"]
[PlyCount "117"]
[EventDate "2005.??.??"]
[EventType "swiss"]
[EventRounds "9"]
[EventCountry "DEN"]

1. c4 c5 2. Nf3 Nc6 3. g3 g6 4. Bg2 Bg7 5. O-O e6 6. e4 d6 7. Nc3 Nge7 8. d3
O-O 9. Be3 Nd4 10. Bxd4 cxd4 11. Nb5 Nc6 12. Qa4 a6 13. Qa3 axb5 14. Qxa8 bxc4
15. dxc4 Na5 16. Rac1 Qb6 17. b4 Nc6 18. Qa3 Qxb4 19. Qxb4 Nxb4 20. a3 Na6 21.
Rfd1 e5 22. Ne1 Be6 23. Rb1 Nc5 24. Rb4 Ra8 25. Ra1 Bh6 26. Ra2 Bc1 27. a4 d3
28. Nxd3 Nxd3 29. Rxb7 Bxc4 30. Rc2 Ba6 31. Rd7 Ba3 32. Rcc7 Rb8 33. h4 Rf8 34.
Bf1 h5 35. Rc3 Bb4 36. Bxd3 Bxc3 37. Bxa6 Bb4 38. Bc4 Kg7 39. Kg2 Kf6 40. Bd5
Kg7 41. Ra7 Bc5 42. Rb7 Kh6 43. Bxf7 Ra8 44. Re7 Rf8 45. Rb7 Ra8 46. Bb3 Ra7
47. Rxa7 Bxa7 48. a5 g5 49. hxg5+ Kxg5 50. Kf1 h4 51. gxh4+ Kxh4 52. Ke2 Kg4
53. Kd3 Bxf2 54. Bd5 Kg5 55. Kc4 Kf6 56. Kb5 Ke7 57. Kc6 Kd8 58. Kb7 Kd7 59. a6
1-0

[Event "Copenhagen Chess Challenge 2005"]
[Site "Taastrup"]
[Date "2005.??.??"]
[Round "4"]
[White "Hoi, Carsten"]
[Black "De Firmian, Nick E"]
[Result "1/2-1/2"]
[WhiteElo "2387"]
[BlackElo "2549"]
[PlyCount "20"]
[EventDate "2005.??.??"]
[EventType "swiss"]
[EventRounds "9"]
[EventCountry "DEN"]

1. d4 Nf6 2. Nf3 e6 3. Bg5 h6 4. Bh4 b6 5. Nbd2 Bb7 6. e3 Be7 7. Bd3 d6 8. O-O
Nbd7 9. c3 Nh5 10. Bxe7 Qxe7 1/2-1/2

[Event "Copenhagen Chess Challenge 2005"]
[Site "Taastrup"]
[Date "2005.??.??"]
[Round "4"]
[White "Mikkelsen, Nikolaj"]
[Black "Lund, Silas"]
[Result "1-0"]
[WhiteElo "2220"]
[BlackElo "2300"]
[PlyCount "101"]
[EventDate "2005.??.??"]
[EventType "swiss"]
[EventRounds "9"]
[EventCountry "DEN"]

1. e4 e5 2. Nf3 Nc6 3. Bb5 Nf6 4. O-O Nxe4 5. d4 Nd6 6. Bxc6 dxc6 7. dxe5 Nf5
8. Qxd8+ Kxd8 9. Nc3 a5 10. h3 h6 11. Ne2 Bd7 12. Rd1 Kc8 13. g4 Ne7 14. Nf4 g5
15. Nh5 c5 16. b3 Be6 17. a4 b6 18. c4 Kb7 19. Bb2 Ng6 20. Kg2 Be7 21. Rd3 Rad8
22. Rad1 Rxd3 23. Rxd3 c6 24. Nd2 b5 25. Kg3 Bf8 26. f4 Nxf4 27. Nxf4 gxf4+ 28.
Kxf4 Be7 29. Ne4 Kb6 30. Nd6 Rd8 31. Bc3 bxa4 32. bxa4 Bxd6 33. Rxd6 Rg8 34.
Rxe6 fxe6 35. Kg3 Rd8 36. Kh4 Rd3 37. Bb2 Re3 38. Bc1 Rxe5 39. Bxh6 Re4 40. Kh5
Rxc4 41. g5 Rd4 42. g6 Rd8 43. g7 c4 44. Be3+ c5 45. Kg6 Kc6 46. Kh7 Rd3 47.
Bg5 Rxh3+ 48. Kg6 Kd5 49. g8=Q c3 50. Qa8+ Kc4 51. Qe4+ 1-0

[Event "Copenhagen Chess Challenge 2005"]
[Site "Taastrup"]
[Date "2005.??.??"]
[Round "4"]
[White "Nilsson, Sebastian"]
[Black "Skovgaard, Peter Nicolai"]
[Result "1/2-1/2"]
[WhiteElo "2224"]
[BlackElo "2174"]
[PlyCount "36"]
[EventDate "2005.??.??"]
[EventType "swiss"]
[EventRounds "9"]
[EventCountry "DEN"]

1. e4 c5 2. Nf3 e6 3. d4 cxd4 4. Nxd4 a6 5. Bd3 Bc5 6. Nb3 Be7 7. Qg4 g6 8. Qe2
d6 9. O-O Nd7 10. Nc3 b6 11. Bd2 Bb7 12. Rae1 Qc7 13. a4 Bf6 14. f4 Ne7 15. e5
dxe5 16. Ne4 Bxe4 17. Bxe4 Ra7 18. Bd3 Nd5 1/2-1/2

[Event "Copenhagen Chess Challenge 2005"]
[Site "Taastrup"]
[Date "2005.??.??"]
[Round "4"]
[White "Pallesen, Jacob"]
[Black "Smith, Axel"]
[Result "0-1"]
[WhiteElo "2056"]
[BlackElo "2139"]
[PlyCount "90"]
[EventDate "2005.??.??"]
[EventType "swiss"]
[EventRounds "9"]
[EventCountry "DEN"]

1. e4 e6 2. Nf3 d5 3. e5 c5 4. Bb5+ Bd7 5. Qe2 Bxb5 6. Qxb5+ Qd7 7. Nc3 Nc6 8.
Qe2 f6 9. O-O fxe5 10. Nxe5 Nxe5 11. Qxe5 Nf6 12. Re1 Kf7 13. d3 Bd6 14. Qe2
Rae8 15. Qf3 Rhf8 16. Bf4 Kg8 17. Bxd6 Qxd6 18. Qg3 Qxg3 19. hxg3 Re7 20. Re2
Rfe8 21. Rae1 a6 22. Na4 Nd7 23. f4 Kf7 24. Kf2 d4 25. b3 e5 26. Nb2 exf4 27.
gxf4 Nb6 28. Nc4 Rxe2+ 29. Rxe2 Rxe2+ 30. Kxe2 Nxc4 31. dxc4 Ke6 32. Kf3 Kf5
33. g4+ Ke6 34. Ke4 h6 35. f5+ Kf6 36. Kf4 g6 37. fxg6 Kxg6 38. a4 a5 39. Kf3
Kf7 40. Ke4 Ke6 41. Kf4 Kf6 42. Kf3 Ke5 43. Kg3 Ke4 44. Kh4 Kf4 45. Kh5 Kg3 0-1

[Event "Copenhagen Chess Challenge 2005"]
[Site "Taastrup"]
[Date "2005.??.??"]
[Round "4"]
[White "Skovgaard, Tom"]
[Black "Skjoldan, Benjamin"]
[Result "0-1"]
[WhiteElo "2079"]
[BlackElo "2114"]
[PlyCount "62"]
[EventDate "2005.??.??"]
[EventType "swiss"]
[EventRounds "9"]
[EventCountry "DEN"]

1. e4 c5 2. Nf3 e6 3. d4 cxd4 4. Nxd4 a6 5. Bd3 Bc5 6. Nb3 Be7 7. Be3 Qc7 8. f4
d6 9. Qf3 Nf6 10. a4 b6 11. N1d2 Bb7 12. O-O Nbd7 13. Kh1 g6 14. Bd4 h5 15. Qe2
h4 16. Kg1 Rh7 17. f5 gxf5 18. exf5 e5 19. Rae1 Rg7 20. Nf3 Nd5 21. Be3 Bf6 22.
Be4 Nxe3 23. Qxe3 d5 24. Bd3 O-O-O 25. Be2 Rdg8 26. Rf2 d4 27. Qh6 e4 28. Nxh4
Bxh4 29. Qxh4 e3 30. Rf3 Rxg2+ 31. Kh1 Rxe2 0-1

[Event "Copenhagen Chess Challenge 2005"]
[Site "Taastrup"]
[Date "2005.??.??"]
[Round "4"]
[White "Tikkanen, Hans"]
[Black "Moller, Frederik Oest"]
[Result "1-0"]
[WhiteElo "2342"]
[BlackElo "1824"]
[PlyCount "69"]
[EventDate "2005.??.??"]
[EventType "swiss"]
[EventRounds "9"]
[EventCountry "DEN"]

1. d4 d5 2. c4 e6 3. Nc3 Nf6 4. cxd5 exd5 5. Bg5 Be7 6. e3 c6 7. Qc2 Nbd7 8.
Bd3 O-O 9. Nge2 Re8 10. O-O Nf8 11. Rad1 Bg4 12. Rd2 Bh5 13. Ng3 Bg6 14. Nf5
Bxf5 15. Bxf5 Qc7 16. Bxf6 Bxf6 17. Nxd5 Qd6 18. Nxf6+ Qxf6 19. g3 Rad8 20.
Rfd1 Qd6 21. Bh3 g6 22. a3 Nd7 23. b4 Nf6 24. Bg2 Rc8 25. Qc5 Qxc5 26. bxc5 Rc7
27. Rb2 Rd8 28. Rdb1 Rdd7 29. Kf1 Kf8 30. Ke2 Ke7 31. Bh3 Rd5 32. Rxb7 Rxb7 33.
Rxb7+ Kf8 34. Bg2 Rh5 35. h4 1-0

[Event "Copenhagen Chess Challenge 2005"]
[Site "Taastrup"]
[Date "2005.??.??"]
[Round "5"]
[White "De Firmian, Nick E"]
[Black "Mikkelsen, Nikolaj"]
[Result "1-0"]
[WhiteElo "2549"]
[BlackElo "2220"]
[PlyCount "65"]
[EventDate "2005.??.??"]
[EventType "swiss"]
[EventRounds "9"]
[EventCountry "DEN"]

1. e4 c5 2. Nf3 d6 3. d4 cxd4 4. Nxd4 Nf6 5. Nc3 a6 6. Be3 e6 7. a4 Nc6 8. Be2
Be7 9. O-O O-O 10. f4 Qc7 11. Kh1 Re8 12. Bf3 Bf8 13. Nb3 b6 14. a5 bxa5 15. e5
dxe5 16. fxe5 Rd8 17. Qe2 Nd5 18. Nxd5 exd5 19. Bg5 Be7 20. Bxe7 Qxe7 21. c4
Be6 22. Nxa5 Nd4 23. Qf2 Nxf3 24. Nc6 Qh4 25. Qxf3 Rd7 26. Rac1 Kh8 27. Nb4
Rad8 28. Nxd5 Qd4 29. Nf4 Bxc4 30. e6 Bxf1 31. exd7 Bb5 32. Ne6 Qxb2 33. Qc3
1-0

[Event "Copenhagen Chess Challenge 2005"]
[Site "Taastrup"]
[Date "2005.??.??"]
[Round "5"]
[White "Dyrgaard, Kristoffer"]
[Black "Skovgaard, Tom"]
[Result "1-0"]
[WhiteElo "2118"]
[BlackElo "2079"]
[PlyCount "43"]
[EventDate "2005.??.??"]
[EventType "swiss"]
[EventRounds "9"]
[EventCountry "DEN"]

1. e4 Nf6 2. e5 Nd5 3. c4 Nb6 4. c5 Nd5 5. Nc3 e6 6. d4 Nxc3 7. bxc3 b6 8. cxb6
axb6 9. Nf3 d5 10. Bd3 Ba6 11. O-O Be7 12. a4 Qd7 13. Bxa6 Rxa6 14. Bg5 c5 15.
Qb3 O-O 16. Bxe7 Qxe7 17. Qb5 Qa7 18. Rfb1 Nd7 19. h3 Ra8 20. dxc5 bxc5 21. a5
Rb8 22. Qxd7 1-0

[Event "Copenhagen Chess Challenge 2005"]
[Site "Taastrup"]
[Date "2005.??.??"]
[Round "5"]
[White "Korolev, Nikolaj"]
[Black "Nilsson, Sebastian"]
[Result "1-0"]
[WhiteElo "2100"]
[BlackElo "2224"]
[PlyCount "87"]
[EventDate "2005.??.??"]
[EventType "swiss"]
[EventRounds "9"]
[EventCountry "DEN"]

1. e4 e6 2. d4 d5 3. Nc3 Bb4 4. e5 c5 5. a3 Bxc3+ 6. bxc3 Ne7 7. Qg4 Qa5 8. Bd2
O-O 9. Bd3 Nbc6 10. Qh5 h6 11. g4 c4 12. Be2 f6 13. exf6 Rxf6 14. g5 g6 15.
Qxh6 Rf7 16. Qh4 e5 17. dxe5 Nxe5 18. f4 Nf5 19. Qf2 Nd6 20. Nf3 Nxf3+ 21. Bxf3
Re7+ 22. Kd1 Bf5 23. Kc1 Rae8 24. Kb2 Qb5+ 25. Kc1 Be4 26. a4 Qa5 27. Re1 b5
28. Qc5 Nb7 29. Qa3 a6 30. Bxe4 dxe4 31. Be3 bxa4 32. Qb4 Qd5 33. Rxa4 Nd6 34.
Rd1 Qf5 35. Rxd6 Qh3 36. Rxg6+ Kf7 37. Rf6+ Kg7 38. Bd4 Qf1+ 39. Kb2 e3 40.
Raxa6 e2 41. Rg6+ Kh7 42. Rh6+ Kg8 43. Rh8+ Kf7 44. g6# 1-0

[Event "Copenhagen Chess Challenge 2005"]
[Site "Taastrup"]
[Date "2005.??.??"]
[Round "5"]
[White "Lund, Silas"]
[Black "Bromann, Thorbjorn"]
[Result "0-1"]
[WhiteElo "2300"]
[BlackElo "2369"]
[PlyCount "74"]
[EventDate "2005.??.??"]
[EventType "swiss"]
[EventRounds "9"]
[EventCountry "DEN"]

1. d4 d5 2. c4 Nc6 3. cxd5 Qxd5 4. e3 e5 5. Nc3 Bb4 6. Bd2 Bxc3 7. bxc3 Qd6 8.
Bd3 Nge7 9. Ne2 O-O 10. O-O b6 11. f3 Be6 12. Be1 f5 13. Qc2 Rad8 14. Rd1 Qa3
15. Bh4 Ra8 16. e4 exd4 17. cxd4 Qd6 18. d5 Nb4 19. Qc3 fxe4 20. fxe4 Rxf1+ 21.
Rxf1 Nxd3 22. Qxd3 Bf7 23. Qd4 Re8 24. Bg3 Qd7 25. Rc1 Nxd5 26. Rxc7 Qb5 27.
exd5 Rxe2 28. h3 Qb1+ 29. Kh2 Qxa2 30. Rxf7 Rxg2+ 31. Kh1 Rxg3 32. Rf8+ Kxf8
33. Qf4+ Ke8 34. Qe5+ Kd8 35. Qb8+ Kd7 36. Qb7+ Kd6 37. Qb8+ Kc5 0-1

[Event "Copenhagen Chess Challenge 2005"]
[Site "Taastrup"]
[Date "2005.??.??"]
[Round "5"]
[White "Moller, Frederik Oest"]
[Black "Grove, Peter"]
[Result "0-1"]
[WhiteElo "1824"]
[BlackElo "1979"]
[PlyCount "64"]
[EventDate "2005.??.??"]
[EventType "swiss"]
[EventRounds "9"]
[EventCountry "DEN"]

1. e4 e5 2. Nf3 Nc6 3. Nc3 Nf6 4. Bb5 Bc5 5. O-O d6 6. d4 exd4 7. Nxd4 Bd7 8.
Bxc6 bxc6 9. Bg5 h6 10. Bh4 g5 11. Bg3 Rb8 12. Nb3 Bb4 13. f4 Be6 14. fxg5 hxg5
15. a3 Bxc3 16. bxc3 Nh5 17. Nd4 Bd7 18. Qf3 Qe7 19. Rae1 Ng7 20. e5 d5 21. c4
Be6 22. Qf6 Rg8 23. Qxe7+ Kxe7 24. Nxc6+ Kd7 25. Nxb8+ Rxb8 26. cxd5 Bxd5 27.
Rd1 Kc6 28. h3 Rb2 29. Rf2 Rb8 30. Rf5 Nxf5 31. Bh2 Rb2 32. Rd2 Ne3 0-1

[Event "Copenhagen Chess Challenge 2005"]
[Site "Taastrup"]
[Date "2005.??.??"]
[Round "5"]
[White "Olsson, Linus"]
[Black "Hoi, Carsten"]
[Result "1-0"]
[WhiteElo "2319"]
[BlackElo "2387"]
[PlyCount "69"]
[EventDate "2005.??.??"]
[EventType "swiss"]
[EventRounds "9"]
[EventCountry "DEN"]

1. d4 Nf6 2. c4 g6 3. Nc3 Bg7 4. e4 d6 5. Nf3 O-O 6. Be2 c5 7. d5 e5 8. O-O Nh5
9. g3 Bh3 10. Re1 h6 11. Kh1 Bg4 12. Nh4 Bxe2 13. Qxe2 Nf4 14. gxf4 Qxh4 15. f5
Nd7 16. Rg1 a6 17. a4 Kh7 18. Ra3 Rab8 19. Rb3 b6 20. Ra3 Nf6 21. Qf3 Nh5 22.
Rg4 Qe7 23. Qg2 Nf6 24. Rg3 Rg8 25. Ne2 gxf5 26. exf5 b5 27. Qh3 Ne4 28. Rg2 f6
29. Ng3 Ng5 30. Bxg5 fxg5 31. Ne4 Bf6 32. Qh5 g4 33. Rag3 bxa4 34. Rxg4 Rxg4
35. Rxg4 1-0

[Event "Copenhagen Chess Challenge 2005"]
[Site "Taastrup"]
[Date "2005.??.??"]
[Round "5"]
[White "Pallesen, Jacob"]
[Black "Hansen, Alexei"]
[Result "1/2-1/2"]
[WhiteElo "2056"]
[BlackElo "2000"]
[PlyCount "24"]
[EventDate "2005.??.??"]
[EventType "swiss"]
[EventRounds "9"]
[EventCountry "DEN"]

1. e4 c5 2. Nf3 e6 3. d4 cxd4 4. Nxd4 a6 5. Bd3 Qc7 6. Nc3 b5 7. O-O Bb7 8. Be3
Nf6 9. a3 d6 10. Qf3 Nbd7 11. Qg3 Nc5 12. f3 g6 1/2-1/2

[Event "Copenhagen Chess Challenge 2005"]
[Site "Taastrup"]
[Date "2005.??.??"]
[Round "5"]
[White "Skjoldan, Benjamin"]
[Black "Tikkanen, Hans"]
[Result "1-0"]
[WhiteElo "2114"]
[BlackElo "2342"]
[PlyCount "61"]
[EventDate "2005.??.??"]
[EventType "swiss"]
[EventRounds "9"]
[EventCountry "DEN"]

1. d4 g6 2. c4 Bg7 3. g3 c5 4. Nf3 cxd4 5. Nxd4 Nc6 6. Nxc6 bxc6 7. Bg2 Rb8 8.
Qc2 Qb6 9. Nd2 c5 10. O-O d6 11. Rb1 Nf6 12. b3 O-O 13. Bb2 a5 14. e4 Nh5 15.
Bxg7 Nxg7 16. f4 Qa7 17. f5 a4 18. g4 f6 19. Qc3 Bd7 20. Rf3 axb3 21. axb3 Qb6
22. Rh3 Qb4 23. Qe3 g5 24. Rh6 Ra8 25. e5 Ra2 26. Bd5+ e6 27. fxe6 Nxe6 28.
exf6 Qxd2 29. Bxe6+ Bxe6 30. Qxe6+ Kh8 31. Rxh7+ 1-0

[Event "Copenhagen Chess Challenge 2005"]
[Site "Taastrup"]
[Date "2005.??.??"]
[Round "5"]
[White "Skovgaard, Peter Nicolai"]
[Black "Glud, Jakob Vang"]
[Result "1/2-1/2"]
[WhiteElo "2174"]
[BlackElo "2319"]
[PlyCount "30"]
[EventDate "2005.??.??"]
[EventType "swiss"]
[EventRounds "9"]
[EventCountry "DEN"]

1. e4 c5 2. Nf3 e6 3. d4 cxd4 4. Nxd4 a6 5. Nc3 b5 6. Bd3 Qb6 7. Nf3 Nc6 8. O-O
Qb8 9. Re1 Nge7 10. Be3 d6 11. Qd2 Bd7 12. e5 d5 13. Bc5 Ng6 14. Bxf8 Kxf8 15.
Bxg6 hxg6 1/2-1/2

[Event "Copenhagen Chess Challenge 2005"]
[Site "Taastrup"]
[Date "2005.??.??"]
[Round "5"]
[White "Smith, Axel"]
[Black "Frank Nielsen, Marie"]
[Result "1-0"]
[WhiteElo "2139"]
[BlackElo "1882"]
[PlyCount "103"]
[EventDate "2005.??.??"]
[EventType "swiss"]
[EventRounds "9"]
[EventCountry "DEN"]

1. e4 d6 2. d4 Nf6 3. Nc3 Nbd7 4. Nf3 e5 5. Bc4 Be7 6. Bxf7+ Kxf7 7. Ng5+ Kg8
8. Ne6 Qe8 9. Nxc7 Qg6 10. Nxa8 Qxg2 11. Rf1 exd4 12. Qxd4 Ne5 13. f4 Bh3 14.
Qf2 Qxf2+ 15. Rxf2 Nc4 16. b3 Na5 17. Ba3 Kf7 18. Nc7 Rc8 19. N7d5 Nxd5 20.
Nxd5 Bh4 21. c4 Nxc4 22. bxc4 Rxc4 23. Ne3 Rxe4 24. Ke2 d5 25. Kf3 Bxf2 26.
Kxf2 Rxf4+ 27. Kg3 Ra4 28. Bb2 Be6 29. a3 g6 30. Rd1 Ra5 31. Kf4 Ra4+ 32. Rd4
Ra6 33. Rb4 b6 34. Nc2 Ra5 35. Nd4 Bh3 36. Nb3 Ra6 37. Ke5 Bg2 38. Rh4 h5 39.
Rf4+ Ke7 40. Bc3 b5 41. Bb4+ Kd8 42. Rf8+ Kc7 43. Nc5 Rc6 44. Ba5+ Rb6 45. Rf7+
Kc6 46. Ne6 b4 47. axb4 Kb5 48. Nd4+ Ka6 49. Bxb6 axb6 50. Kd6 g5 51. Kc7 Bh3
52. Rf3 1-0

[Event "Copenhagen Chess Challenge 2005"]
[Site "Taastrup"]
[Date "2005.??.??"]
[Round "6"]
[White "Bromann, Thorbjorn"]
[Black "Mikkelsen, Nikolaj"]
[Result "1-0"]
[WhiteElo "2369"]
[BlackElo "2220"]
[PlyCount "121"]
[EventDate "2005.??.??"]
[EventType "swiss"]
[EventRounds "9"]
[EventCountry "DEN"]

1. d4 b6 2. e4 e6 3. Nf3 Bb7 4. Bd3 Nf6 5. Qe2 d6 6. Nc3 Be7 7. g4 a6 8. g5
Nfd7 9. Rg1 b5 10. Nd1 c5 11. c3 Nc6 12. a4 cxd4 13. cxd4 Nb4 14. Bb1 bxa4 15.
Rxa4 a5 16. Nc3 Ba6 17. Qd1 Qc7 18. Rg3 O-O 19. Ng1 e5 20. Nge2 Nb6 21. Ra1
Rfd8 22. d5 Nd7 23. Kf1 Nc5 24. Ra3 Rf8 25. Kg2 f6 26. g6 h6 27. Ng1 f5 28.
exf5 e4 29. Nxe4 Bb7 30. Nc3 Bf6 31. h3 Rae8 32. Nge2 Kh8 33. Kh2 Nxd5 34. Nxd5
Bxd5 35. Qxd5 Rxe2 36. Rae3 Rxf2+ 37. Kg1 Rxb2 38. Bxb2 Bxb2 39. Kg2 Bf6 40.
Re2 a4 41. Ba2 Nd7 42. Rg4 Be5 43. Rc4 Qd8 44. Qf3 Qb6 45. Rxa4 Rc8 46. Be6 Rc1
47. Qe3 Qc6+ 48. Qe4 Qb6 49. Rf2 Nb8 50. Rb4 Qd8 51. Qa8 Qg5+ 52. Rg4 Qd8 53.
f6 Bxf6 54. Rxf6 Rc2+ 55. Rf2 Rxf2+ 56. Kxf2 Qb6+ 57. Kg2 h5 58. Rf4 Qd8 59. h4
Qe8 60. Kh2 d5 61. Rb4 1-0

[Event "Copenhagen Chess Challenge 2005"]
[Site "Taastrup"]
[Date "2005.??.??"]
[Round "6"]
[White "Frank Nielsen, Marie"]
[Black "Hansen, Alexei"]
[Result "1/2-1/2"]
[WhiteElo "1882"]
[BlackElo "2000"]
[PlyCount "44"]
[EventDate "2005.??.??"]
[EventType "swiss"]
[EventRounds "9"]
[EventCountry "DEN"]

1. e4 c5 2. d4 cxd4 3. c3 dxc3 4. Nxc3 a6 5. Bc4 e6 6. Nf3 Ne7 7. O-O Ng6 8.
Qe2 Nc6 9. Rd1 Qc7 10. Be3 b5 11. Bd3 Qb8 12. Rac1 Be7 13. a4 b4 14. Nb1 O-O
15. Nbd2 Na5 16. g3 d6 17. h4 Re8 18. Ng5 Bxg5 19. hxg5 d5 20. exd5 exd5 21.
Qh5 Qb7 22. Nf3 Qd7 1/2-1/2

[Event "Copenhagen Chess Challenge 2005"]
[Site "Taastrup"]
[Date "2005.??.??"]
[Round "6"]
[White "Glud, Jakob Vang"]
[Black "Skjoldan, Benjamin"]
[Result "1-0"]
[WhiteElo "2319"]
[BlackElo "2114"]
[PlyCount "55"]
[EventDate "2005.??.??"]
[EventType "swiss"]
[EventRounds "9"]
[EventCountry "DEN"]

1. c4 e6 2. d4 d5 3. Nf3 Nf6 4. Nc3 Be7 5. Bg5 O-O 6. e3 h6 7. Bh4 b6 8. Rc1
Bb7 9. Bxf6 Bxf6 10. cxd5 exd5 11. Bd3 Nd7 12. O-O c6 13. Qa4 a5 14. Bf5 Re8
15. Nxd5 cxd5 16. Qxd7 Qxd7 17. Bxd7 Red8 18. Bc6 Rab8 19. Bxb7 Rxb7 20. Rc6
Kf8 21. Rfc1 Rdd7 22. Kf1 h5 23. Ke2 Ke7 24. Ne1 Rd6 25. Rc8 g6 26. Nd3 Rd8 27.
Rxd8 Kxd8 28. Nf4 1-0

[Event "Copenhagen Chess Challenge 2005"]
[Site "Taastrup"]
[Date "2005.??.??"]
[Round "6"]
[White "Grove, Peter"]
[Black "Pallesen, Jacob"]
[Result "1/2-1/2"]
[WhiteElo "1979"]
[BlackElo "2056"]
[PlyCount "78"]
[EventDate "2005.??.??"]
[EventType "swiss"]
[EventRounds "9"]
[EventCountry "DEN"]

1. c4 Nf6 2. Nc3 e6 3. g3 d5 4. d4 c6 5. Bg2 Be7 6. Nf3 O-O 7. O-O Nbd7 8. b3
b6 9. Bb2 Ba6 10. Nd2 Rc8 11. e4 dxe4 12. Ndxe4 Nxe4 13. Nxe4 Nf6 14. Qc2 Qc7
15. Rad1 Rfd8 16. Rfe1 Rd7 17. a3 Rcd8 18. f4 h6 19. Bc3 Nxe4 20. Bxe4 Bf6 21.
Qb2 Rd6 22. Rd2 Qe7 23. Red1 Qf8 24. g4 g5 25. fxg5 hxg5 26. d5 Bxc3 27. Qxc3
Qg7 28. Qe3 cxd5 29. cxd5 Bb7 30. Qf3 exd5 31. Bxd5 Bxd5 32. Rxd5 Rxd5 33. Rxd5
Qa1+ 34. Kg2 Qb2+ 35. Kg3 Rxd5 36. Qxd5 Qc3+ 37. Qf3 Qe5+ 38. Kh3 Qh8+ 39. Kg3
Qe5+ 1/2-1/2

[Event "Copenhagen Chess Challenge 2005"]
[Site "Taastrup"]
[Date "2005.??.??"]
[Round "6"]
[White "Hoi, Carsten"]
[Black "Skovgaard, Peter Nicolai"]
[Result "1-0"]
[WhiteElo "2387"]
[BlackElo "2174"]
[PlyCount "51"]
[EventDate "2005.??.??"]
[EventType "swiss"]
[EventRounds "9"]
[EventCountry "DEN"]

1. d4 Nf6 2. Nf3 g6 3. c4 Bg7 4. Nc3 d6 5. e4 O-O 6. h3 e5 7. d5 Nbd7 8. Bg5 a5
9. Nd2 Nc5 10. Be2 b6 11. g4 Qd7 12. Qc2 a4 13. O-O-O a3 14. b3 Bb7 15. Kb1 c6
16. Bxf6 Bxf6 17. b4 cxd5 18. bxc5 d4 19. Nd5 Bxd5 20. cxd5 bxc5 21. Nc4 Bg7
22. Ka1 Rab8 23. Rb1 Rxb1+ 24. Qxb1 f5 25. f3 fxe4 26. fxe4 1-0